Statistics for Countries With A Letter R In Their Name But No Letter A

Click here to take the quiz!

General Stats

  • This quiz has been taken 64 times
  • The average score is 8 of 15

Answer Stats

Answer% Correct
Peru
73%
Morocco
73%
Brunei
65%
Cyprus
59%
Comoros
57%
Greece
57%
Luxembourg
57%
Niger
57%
Burundi
53%
Turkey
51%
Montenegro
43%
Czech Republic
39%
Republic Of The Congo
31%
Cote D Ivoire
31%
Timor Leste
12%

Score Distribution

Percentile by Number Answered

Percent of People with Each Score

Your Score History

You have not taken this quiz